000 00336nam a2200133Ia 4500
008 231129s1965||||xx |||||||||||||| ||spa||
040 _bspa
082 _aCo868.2 M798
100 _aMontoya y Montoya Rafael
245 0 _aObras completas de Juan de Dios Uribe
260 _c1965
264 _aEdiciones Academicas
942 _2ddc
_cBKS
999 _c22004
_d22004